Elektrické stroje ... určené poslucháčom 3. roč. den. štúdia a 4. roč. diaľk. štúdia 1

Bibliographic Details
Main Author: Hruškovič, Ladislav, 1929-2008 (Author)
Format: Book
Language:Slovak
PhysicalDescription:224, [1] s. ilustr. 4°
Published: Bratislava Slovenská vysoká škola technická 1968
Subjects:

MARC

LEADER 00000cam a2200000 a 4500
001 vtls008352959
003 SK-MaSNL
005 20260302003859.0
008 190102s1968 xo a f np 000 0 slo
015 |a SNBA1968/09-01632 
035 |a SK01SNK19680045176 
035 |a SKM000047639 
040 |a SNK  |b slo  |c SNK  |e AACR2 
041 0 |a slo 
044 |a xo  |c SK 
080 |a 621.313(075.8)  |2 1981 
100 1 |a Hruškovič, Ladislav,  |d 1929-2008  |4 aut  |9 211671 
245 1 0 |a Elektrické stroje  |n 1  |b ... určené poslucháčom 3. roč. den. štúdia a 4. roč. diaľk. štúdia  |c Ladislav Hruškovič 
260 |a Bratislava  |b Slovenská vysoká škola technická  |c 1968 
300 |a 224, [1] s.  |b ilustr.  |c 4° 
366 |e 350 výtl. 
504 |a Obsahuje bibliografiu 
650 0 7 |a elektrické stroje  |2 SNKPH  |9 3914 
655 7 |a učebnice vysokých škôl  |2 SNKPH  |9 70191 
958 |a UV 
958 |a NB 
958 |a OND 
958 |a RK 
999 |c 993721  |d 995651 
952 |a SNK  |b SNK  |y PREZ  |7 0  |o snkSB 14353/1  |0 0  |1 0  |4 0  |d 2021-09-27  |l 0  |r 2026-02-24 11:56:50  |w 2026-02-24 
952 |a SNK  |b SNK  |y VYP  |7 0  |o snkSB 14353/1 D1  |0 0  |1 0  |4 0  |d 2021-09-27  |l 0  |r 2026-02-24 11:56:50  |w 2026-02-24